Star Wars. Darth Bane - cesta zkázy : příběh ze Staré republiky /
Další příběh ze sci-fi série Star Wars. Nikdy nekončící boj Jediů a Sithů ožívá v dobrodružství Dessela alias Darth Bana.
Uloženo v:
| Série: | Star Wars,
část 1 |
|---|---|
| Hlavní autor: | |
| Další autoři: | |
| Médium: | E-kniha |
| Jazyk: | Czech |
| Vydáno: |
V Praze :
Egmont Publishing,
2017
|
| Vydání: | Druhé vydání |
| Témata: | |
| Příbuzné jednotky: | Z cyklu::
Star Wars |
| Tagy: |
Žádné tagy |
| LEADER | 02576nam a2200481 i 4500 | ||
|---|---|---|---|
| 001 | 311322 | ||
| 003 | CZ PrSKC | ||
| 005 | 20260601215703.0 | ||
| 007 | ta | ||
| 008 | 170529s2017 xr g 000 f cze | ||
| 015 | |a cnb002899730 | ||
| 020 | |a 9788025239612 |q (brožováno) | ||
| 035 | |a (OCoLC)993653873 | ||
| 040 | |a BOA001 |b cze |e rda | ||
| 041 | 1 | |a cze |h eng | |
| 072 | 7 | |a 821.111-3 |x Anglická próza, anglicky psaná |2 Konspekt | |
| 080 | |a 821.111(71)-31 |2 MRF | ||
| 080 | |a (0:82-311.9) |2 MRF | ||
| 100 | 1 | |a Karpyshyn, Drew, |d 1971- |7 xx0093606 |4 aut | |
| 240 | 1 | 0 | |a Darth Bane. |l Česky |
| 245 | 1 | 0 | |a Star Wars. |p Darth Bane - cesta zkázy : příběh ze Staré republiky / |c Drew Karpyshyn ; z anglického originálu Star Wars - Darth Bane. Path of destruction přeložila Zuzana Bělohlávková |
| 246 | 3 | 0 | |a Darth Bane - cesta zkázy |
| 246 | 3 | 0 | |a Cesta zkázy |
| 250 | |a Druhé vydání | ||
| 264 | 1 | |a V Praze : |b Egmont Publishing, |c 2017 | |
| 300 | |a 438 stran ; |c 18 cm | ||
| 336 | |a text |b txt |2 rdacontent | ||
| 337 | |a bez média |b n |2 rdamedia | ||
| 338 | |a svazek |b nc |2 rdacarrier | ||
| 500 | |a Na obálce nad názvem: legends | ||
| 520 | 2 | |a Další příběh ze sci-fi série Star Wars. Nikdy nekončící boj Jediů a Sithů ožívá v dobrodružství Dessela alias Darth Bana. | |
| 520 | 2 | |a V příběhu ze Staré republiky poznáme hrdinu Dese, který tvrdě pracuje v dolech. Oplývá však výjimečnými vůdčími schopnostmi a také z duše nenávidí republikové vojáky, což ho přivede do Sithské armády. Pro jeho skvělé schopnosti, které nezůstanou utajeny, začne studovat tajemství temné strany. Des si změní jméno na Bane a čeká ho přetěžká zkouška volby a pochopení staré moudrosti. | |
| 655 | 7 | |a kanadské romány (anglicky) |7 fd139325 |2 czenas | |
| 655 | 7 | |a vědecko-fantastické romány |7 fd133847 |2 czenas | |
| 655 | 9 | |a Canadian fiction (English) |2 eczenas | |
| 655 | 9 | |a science fiction novels |2 eczenas | |
| 700 | 1 | |a Bělohlávková, Zuzana |7 xx0094830 |4 trl | |
| 787 | 0 | 8 | |i Z cyklu: |t Star Wars |g 1 |
| 900 | |a ABA001 |b 21 | ||
| 044 | |a xr | ||
| 910 | |a RBIT002 | ||
| 998 | |d 317742 |a https://core.palmknihy.cz/api/books/317742/cover?tdytw4 |b https://core.palmknihy.cz/api/books/317742/cover/400?tdytw4 |c https://core.palmknihy.cz/api/books/317742/cover/50?tdytw4 |e 2026-12-31 |g 440 |i 9788025239612 |j https://core.palmknihy.cz/api/books/317742/preview.epub |k https://core.palmknihy.cz/api/books/317742/preview.pdf |l |q 49 |r 1 |s https://www.palmknihy.cz/kniha/317742 |t ebook |y 2021 |z 0 |v Star Wars - Darth Bane |w 1 | ||
| 999 | |d 311320 | ||